00161nam a2200073Ia 4500008004100000041000800041100002400049245001400073250605s9999 xx 000 0 und d aeng aSaurabh Kumar Sinha aStar Fing